| 000 | 01333nam2a22002891 4500 | ||
|---|---|---|---|
| 001 | rc\3600666 | ||
| 005 | 20130115143005.0 | ||
| 035 | _a(NLR Aleph) 007707246 | ||
| 090 |
_a6811928 _c6811928 |
||
| 100 | _a20130115d1969 |||y0rusy50 ca | ||
| 101 | 0 | _arus | |
| 102 | _aRU | ||
| 105 | _ay z ||||| | ||
| 200 | 1 |
_aБуровые на воду скважины _fСост.: Е.С. Бохонова, Э.И. Колот, Л.Е. Куташенко, Л.М. Алейникова _hКн. 3 _iПрилукский, Репкинский районы |
|
| 210 | _d1969 | ||
| 215 | _a371 с. | ||
| 333 | _aДля служебного пользования. Экз. № 0003 | ||
| 461 | 0 |
_1001rc\3600662 _12001#$aПодземные воды СССР$eОбзор подземных вод Черниговской области$e[В 3 т.]$eТ. 1-3$fМ-во геологии СССР. Всесоюз. геол. фонд. М-во геологии УССР. Киевский ордена Ленина геол.-развед. трест$vТ. 2 |
|
| 702 | 1 |
_aКолот _bЭ. И. _4220 |
|
| 702 | 1 |
_aКуташенко _bЛ. Е. _4220 |
|
| 702 | 1 |
_aБохонова _bЕ. С. _4220 |
|
| 702 | 1 |
_aАлейникова _bЛ. М. _4220 |
|
| 801 | 0 |
_aRU _bNLR _gpsbo |
|
| 801 | 1 |
_aRU _bELAR _2rusmarc |
|
| 852 |
_aNLR _j50К/24741 |
||
| 942 | _cBOOK | ||
| 980 | _aNB | ||